|
|
|
|
| LEADER |
00000nam0a2200000 4500 |
| 001 |
150564 |
| 005 |
20231101221507.0 |
| 010 |
|
|
|a 9785020360679
|
| 035 |
|
|
|a (RuTPU)RU\TPU\book\163243
|
| 090 |
|
|
|a 150564
|
| 100 |
|
|
|a 20090113d2008 k y0rusy50 ca
|
| 101 |
0 |
|
|a rus
|
| 102 |
|
|
|a RU
|
| 105 |
|
|
|a a z 001zy
|
| 200 |
1 |
|
|a Моделирование динамики и кинетики газовых примесей и аэрозолей в атмосфере
|f А. Е. Алоян
|g Российская академия наук (РАН), Институт вычислительной математики (ИВМ)
|
| 210 |
|
|
|a Москва
|c Наука
|d 2008
|
| 215 |
|
|
|a 415 с.
|c ил.
|
| 320 |
|
|
|a Список литературы: с. 401-415.
|
| 330 |
|
|
|a Монография посвящена разработке математических моделей для решения задач переноса многокомпонентных газовых примесей и аэрозолей в атмосфере в региональном и глобальном масштабах. Сформулированы базовые математические модели, включающие динамические, газо- и жидкофазные химические процессы, а так же кинетические процессы нуклеации, конденсации/испарения и коагуляции. С использованием основных и сопряженных уравнений построены алгоритмы для исследования чувствительности отдельных регионов или стран к загрязнению, а так же для решения оптимизационных задач в области охраны окружающей среды. Для специалистов в области прикладной математики, физики атмосферы, математического моделирования в задачах охраны окружающей среды.
|
| 606 |
1 |
|
|a Аэрозоли в атмосфере
|x (экология)
|2 stltpush
|3 (RuTPU)RU\TPU\subj\67336
|9 83179
|
| 606 |
1 |
|
|a Газовые примеси в атмосфере
|2 stltpush
|3 (RuTPU)RU\TPU\subj\67338
|9 83181
|
| 610 |
1 |
|
|a атмосфера
|
| 610 |
1 |
|
|a кинетика
|
| 610 |
1 |
|
|a моделирование
|
| 610 |
1 |
|
|a математические модели
|
| 610 |
1 |
|
|a гидротермодинамика
|
| 610 |
1 |
|
|a турбулентная диффузия
|
| 610 |
1 |
|
|a фотохимическая трансформация
|
| 610 |
1 |
|
|a аэрозолеобразование
|
| 610 |
1 |
|
|a кинетические процессы
|
| 610 |
1 |
|
|a жидкофазные процессы
|
| 610 |
1 |
|
|a влажная конвекция
|
| 610 |
1 |
|
|a облачность
|
| 610 |
1 |
|
|a сульфатные аэрозоли
|
| 610 |
1 |
|
|a органические вещества
|
| 610 |
1 |
|
|a перенос
|
| 610 |
1 |
|
|a Северное полушарие
|
| 610 |
1 |
|
|a радионуклиды
|
| 610 |
1 |
|
|a окружающая среда
|
| 610 |
1 |
|
|a сопряженное уравнение
|
| 610 |
1 |
|
|a прикладная математика
|
| 610 |
1 |
|
|a физика
|
| 610 |
1 |
|
|a экология
|
| 675 |
|
|
|a 504.3
|v 3
|
| 700 |
|
1 |
|a Алоян
|b А. Е.
|g Арташ Еремович
|
| 712 |
0 |
2 |
|a Российская академия наук (РАН)
|b Институт вычислительной математики (ИВМ)
|c (Москва)
|2 stltpush
|3 (RuTPU)RU\TPU\col\13911
|
| 801 |
|
1 |
|a RU
|b 63413507
|c 20090113
|g PSBO
|
| 801 |
|
2 |
|a RU
|b 63413507
|c 20130617
|g PSBO
|
| 900 |
|
|
|a Прикладная математика
|
| 900 |
|
|
|a Математическое моделирование
|
| 942 |
|
|
|c BK
|